Harry Potter name quiz - Statistics

General Stats
  • This quiz has been taken 476 times
    475 since last reset
  • The average score is 13 of 15
Answer Stats
Hint Answer % Correct
Potter Harry
100%
Granger Hermione
98%
Diggory Cedric
96%
Longbottom Neville
96%
Weasley Ron
96%
Lupin Remus
94%
Crouch Barty
91%
Dumbledore Albus
89%
creevey Colin
89%
Dursley Dudley
89%
Malfoy Draco
87%
Diggory Amos
83%
Jordan Lee
82%
Weasley Percy
79%
Golye Gregory
77%
No matching quizzes found
Score Distribution
Percent of People with Each Score
Percentile by Number Answered
Your Score History
You have not taken this quiz since the last reset